[Event "IECG WC.2004.F.00005"]
[Site "IECG email"]
[Date "2005.05.16"]
[Round "?"]
[White "Rizzi, Davide"]
[Black "Gavrileteanu, Lucian"]
[Result "0-1"]
[WhiteElo "1879"]
[BlackElo "1868"]
[PlyCount "62"]
[EventDate "2005.05.16"]
[EventType "tourn (corr)"]
[EventRounds "6"]
[SourceTitle "Corr 2008"]
[Source "ChessBase"]
[SourceDate "2008.06.24"]
[SourceVersion "1"]
[SourceVersionDate "2008.06.24"]
[SourceQuality "1"]

1. e4 e5 2. Nf3 Nc6 3. Bb5 a6 4. Ba4 Nf6 5. 0-0 Be7 6. Re1 b5 7. Bb3 d6 8. a4 Bg4 9. axb5 axb5 10. Rxa8 Qxa8 11. c3 0-0 12. h3 Bxf3 13. Qxf3 b4 14. Qd1 Rb8 15. d3 bxc3 16. bxc3 Na5 17. Bc2 h6 18. Nd2 Qc6 19. c4 Qa8 20. Nf3 Nd7 21. Be3 Nb7 22. Nh2 Nbc5 23. Nf3 Qa2 24. Re2 Bf6 25. Rd2 Qa3 26. Re2 Ne6 27. Bc1 Qa1 28. Be3 Qxd1+ 29. Bxd1 Ndc5 30. Rd2 Rb1 31. Kh2 Nd4 0-1

[Event "IECG WC.2004.F.00005"]
[Site "IECG email"]
[Date "2005.05.16"]
[Round "?"]
[White "Shutov, Andry"]
[Black "Rizzi, Davide"]
[Result "1-0"]
[WhiteElo "1769"]
[BlackElo "1879"]
[PlyCount "81"]
[EventDate "2005.05.16"]
[EventType "tourn (corr)"]
[EventRounds "6"]
[SourceTitle "Corr 2008"]
[Source "ChessBase"]
[SourceDate "2008.06.24"]
[SourceVersion "1"]
[SourceVersionDate "2008.06.24"]
[SourceQuality "1"]

1. e4 e5 2. f4 exf4 3. Nf3 d5 4. exd5 Qxd5 5. Nc3 Qe6+ 6. Kf2 Be7 7. d4 Nf6 8. Bxf4 Ng4+ 9. Kg1 0-0 10. Qd2 Qc6 11. Re1 Bd6 12. Bg5 h6 13. Bh4 Bb4 14. Bd3 Nf6 15. a3 Bxc3 16. Qxc3 Qxc3 17. bxc3 Nd5 18. Kf2 Na6 19. Bxa6 bxa6 20. c4 Nb6 21. c5 Nc4 22. Bg3 c6 23. Ne5 Nxe5 24. Rxe5 Be6 25. Rb1 Rfd8 26. Rb4 a5 27. Ra4 Rd7 28. Re2 Bf5 29. Bd6 Rb7 30. c4 Rb3 31. d5 cxd5 32. cxd5 Rd3 33. Re5 Bg6 34. Rxa5 f6 35. Re7 Rxd5 36. Raxa7 Rxa7 37. Rxa7 Rd2+ 38. Ke3 Rd3+ 39. Ke2 Be4 40. g3 Rb3 41. h4 1-0

[Event "IECG CP.2003.P.00067 email"]
[Site "IECG email"]
[Date "2004.04.29"]
[Round "?"]
[White "Engelhard, Christof"]
[Black "Rizzi, Davide"]
[Result "1-0"]
[WhiteElo "800"]
[BlackElo "1884"]
[PlyCount "125"]
[EventDate "2003.10.01"]
[EventType "tourn (corr)"]
[EventRounds "6"]
[EventCountry "USA"]
[SourceTitle "Corr 2008"]
[Source "ChessBase"]
[SourceDate "2008.06.24"]
[SourceVersion "1"]
[SourceVersionDate "2008.06.24"]
[SourceQuality "1"]

1. e4 c5 2. Nc3 Nc6 3. g3 g6 4. Bg2 Bg7 5. f4 d6 6. d3 e6 7. Nf3 Nge7 8. 0-0 0-0 9. Be3 Nd4 10. Bf2 Nec6 11. Nxd4 Nxd4 12. e5 Rb8 13. Ne4 dxe5 14. c3 Nf5 15. Bxc5 Re8 16. fxe5 b6 17. Bd6 Rb7 18. Qe2 Rd7 19. d4 Bb7 20. Ba3 h5 21. b3 Qc7 22. Bb2 a5 23. Rad1 a4 24. Rf2 Bd5 25. bxa4 Ra8 26. a5 Rxa5 27. a3 Kh8 28. Re1 Rd8 29. g4 Bc4 30. Qf3 hxg4 31. Qxg4 Bh6 32. Bc1 Bxc1 33. Rxc1 Qe7 34. Rf3 Kg7 35. Rh3 Rh8 36. Rxh8 Kxh8 37. Qh3+ Qh4 38. Qxh4+ Nxh4 39. Nd6 b5 40. Nxc4 bxc4 41. Ra1 Kg7 42. a4 f6 43. exf6+ Kxf6 44. Bc6 e5 45. d5 Nf5 46. Kf2 e4 47. Re1 e3+ 48. Kf3 Ke5 49. Rb1 Kd6 50. Rb4 Ra7 51. Rb7 Ra5 52. h3 g5 53. Rd7+ Ke5 54. Rc7 Kd6 55. Rb7 Ke5 56. Rb8 Ra7 57. Re8+ Kd6 58. Re6+ Kc5 59. Kg4 Ne7 60. Kxg5 Nxd5 61. Bxd5 Kxd5 62. Rxe3 Rxa4 63. h4 1-0

[Event "IECC P email"]
[Site "IECC email"]
[Date "2003.04.17"]
[Round "?"]
[White "Poschmann, Hans"]
[Black "Rizzi, Davide"]
[Result "1-0"]
[WhiteElo "2284"]
[BlackElo "1946"]
[PlyCount "113"]
[EventDate "2003.??.??"]
[EventType "tourn (corr)"]
[EventRounds "6"]
[SourceTitle "Corr 2008"]
[Source "ChessBase"]
[SourceDate "2008.06.24"]
[SourceVersion "1"]
[SourceVersionDate "2008.06.24"]
[SourceQuality "1"]

1. e4 c5 2. Nf3 d6 3. d4 cxd4 4. Nxd4 Nf6 5. Nc3 a6 6. Be3 e6 7. f3 b5 8. g4 h6 9. Qd2 Nbd7 10. 0-0-0 Bb7 11. h4 b4 12. Nce2 d5 13. exd5 Nxd5 14. Bf2 Be7 15. Kb1 Rc8 16. Nc1 Bd6 17. Nd3 Ne5 18. Nxe5 Bxe5 19. Bd3 0-0 20. g5 h5 21. Rhe1 Qd6 22. Nb3 Qc7 23. Re4 a5 24. Qe1 Bc3 25. Qg1 Bxb2 26. Kxb2 Nc3 27. Rc4 Nxd1+ 28. Qxd1 Qb8 29. Qe2 Rxc4 30. Bxc4 Qc7 31. Nc5 Bd5 32. Bxd5 exd5 33. Bd4 Qf4 34. Qe5 Qxe5 35. Bxe5 f6 36. gxf6 gxf6 37. Bd4 Kf7 38. Kb3 Re8 39. Nd3 Re2 40. Bb6 Rh2 41. Bxa5 Rxh4 42. Bxb4 Rh1 43. a4 h4 44. a5 h3 45. Bd6 Ke6 46. Bf4 Rb1+ 47. Ka4 d4 48. Nb4 Kd7 49. a6 d3 50. cxd3 Kc8 51. d4 Rb2 52. Kb5 h2 53. Bxh2 Rxh2 54. Kb6 Kb8 55. Nc6+ Ka8 56. d5 Rd2 57. Na7 1-0

[Event "IECG WC.2006.P.00009 email"]
[Site "IECG email"]
[Date "2003.01.22"]
[Round "?"]
[White "Rizzi, Davide"]
[Black "Hort, Wolfgang"]
[Result "1-0"]
[WhiteElo "1852"]
[BlackElo "1539"]
[PlyCount "101"]
[EventDate "2003.01.22"]
[EventType "tourn (corr)"]
[EventRounds "10"]
[SourceTitle "Corr 2008"]
[Source "ChessBase"]
[SourceDate "2008.06.24"]
[SourceVersion "1"]
[SourceVersionDate "2008.06.24"]
[SourceQuality "1"]

1. e4 c6 2. c4 d5 3. exd5 cxd5 4. cxd5 Qxd5 5. d4 Nf6 6. Nc3 Qd8 7. Nge2 e6 8. g3 Be7 9. Bg2 0-0 10. 0-0 Nc6 11. Be3 Qa5 12. a3 Rd8 13. Rc1 Bd6 14. Ne4 Be7 15. Qd3 a6 16. Nxf6+ Bxf6 17. b4 Qc7 18. Be4 Kh8 19. Rc5 Be7 20. Rc2 Bf6 21. Qc4 Bd7 22. Rfc1 Rac8 23. Qc5 Re8 24. Qh5 g6 25. Qf3 Qd8 26. a4 Kg7 27. b5 axb5 28. axb5 Na7 29. Rxc8 Nxc8 30. Bxb7 Nd6 31. Bc6 Nxb5 32. Bxd7 Qxd7 33. Bh6+ Kxh6 34. Qxf6 e5 35. dxe5 Qd5 36. Nf4 Qxe5 37. Qxf7 Nd4 38. Rc7 Qe1+ 39. Kg2 Qe4+ 40. Kh3 Qf5+ 41. Qxf5 gxf5 42. Rd7 Nf3 43. Rd6+ Kg7 44. Nh5+ Kf7 45. Rf6+ Ke7 46. Rxf5 Rf8 47. Rxf8 Kxf8 48. g4 Kf7 49. Kg3 Nd2 50. Kf4 Nc4 51. Kg5 1-0

[Event "IECG WC.2006.P.00009 email"]
[Site "IECG email"]
[Date "2003.01.22"]
[Round "?"]
[White "Rizzi, Davide"]
[Black "Schreiter, Thomas"]
[Result "0-1"]
[WhiteElo "1852"]
[BlackElo "1465"]
[PlyCount "168"]
[EventDate "2003.01.22"]
[EventType "tourn (corr)"]
[EventRounds "10"]
[SourceTitle "Corr 2008"]
[Source "ChessBase"]
[SourceDate "2008.06.24"]
[SourceVersion "1"]
[SourceVersionDate "2008.06.24"]
[SourceQuality "1"]

1. e4 e6 2. d4 d5 3. Nc3 Nf6 4. e5 Nfd7 5. Nce2 c5 6. c3 Nc6 7. f4 f5 8. Nf3 Be7 9. Be3 c4 10. Ng3 0-0 11. Be2 b5 12. 0-0 a5 13. Ng5 Nb6 14. Rb1 h6 15. Nf3 b4 16. Bf2 Ba6 17. Qc1 Bb5 18. Qe3 Rb8 19. Nd2 Qc7 20. Bh5 Ba4 21. b3 cxb3 22. axb3 bxc3 23. Qxc3 Bb5 24. Be2 Bxe2 25. Nxe2 Bb4 26. Qd3 Rfc8 27. Nf3 Bf8 28. Rfc1 Ba3 29. Rc3 Qf7 30. Be1 Qb7 31. Bd2 Na8 32. Qe3 Nc7 33. Rc2 Nb5 34. Ra1 Nb4 35. Rxc8+ Rxc8 36. Ne1 Qb6 37. Rb1 Nc2 38. Nxc2 Rxc2 39. Qd3 Ra2 40. h3 Bb2 41. Be3 Na3 42. Rd1 a4 43. bxa4 Nc4 44. Bc1 Rxa4 45. Qc2 Ra2 46. Nc3 Ra3 47. Bxb2 Nxb2 48. Rd2 Nc4 49. Rd3 Qb3 50. Qe2 Qb4 51. Qc2 Nb6 52. Qd2 Qb3 53. Rf3 Ra1+ 54. Kh2 Nc4 55. Qf2 Qa3 56. Qc2 Qa7 57. Rd3 Qe7 58. Qf2 Ra3 59. Rg3 Qb4 60. Qc2 Ra1 61. Qe2 Qe7 62. Nb5 Kh8 63. Rb3 Qh4 64. g3 Qe7 65. Qc2 Qd8 66. Nc3 Qc8 67. Na2 Qa8 68. Nc3 Qa7 69. Qf2 Rc1 70. g4 Qa1 71. gxf5 Rh1+ 72. Kg3 Nd2 73. Qxd2 Qf1 74. Qg2 Rg1 75. Qxg1 Qxg1+ 76. Kf3 Qxd4 77. fxe6 Qd3+ 78. Kg4 Qc2 79. e7 Qg2+ 80. Kf5 Qxh3+ 81. Kg6 Qe6+ 82. Kh5 Qf5+ 83. Kh4 Qxf4+ 84. Kh3 Qf5+ 0-1

[Event "IECG WC.2006.P.00009 email"]
[Site "IECG email"]
[Date "2003.01.22"]
[Round "?"]
[White "Rizzi, Davide"]
[Black "Sladek, Vaclav"]
[Result "1-0"]
[WhiteElo "1852"]
[BlackElo "2039"]
[PlyCount "52"]
[EventDate "2003.01.22"]
[EventType "tourn (corr)"]
[EventRounds "10"]
[SourceTitle "Corr 2008"]
[Source "ChessBase"]
[SourceDate "2008.06.24"]
[SourceVersion "1"]
[SourceVersionDate "2008.06.24"]
[SourceQuality "1"]

1. e4 c5 2. Nf3 e6 3. d4 cxd4 4. Nxd4 Qb6 5. Nb3 Qc7 6. Nc3 a6 7. Be2 Nf6 8. 0-0 b5 9. Be3 Bb7 10. f3 d6 11. a4 b4 12. Na2 d5 13. c3 dxe4 14. Nxb4 Nc6 15. Nc5 Bxc5 16. Bxc5 Rd8 17. Qe1 a5 18. Nxc6 Bxc6 19. f4 Nd7 20. Bd4 0-0 21. b4 f6 22. b5 Bb7 23. Qf2 e5 24. Be3 exf4 25. Bxf4 Qxc3 26. Rfc1 e3 1-0

[Event "IECG WC.2006.P.00009 email"]
[Site "IECG email"]
[Date "2003.01.22"]
[Round "?"]
[White "Warren, Robert"]
[Black "Rizzi, Davide"]
[Result "1/2-1/2"]
[WhiteElo "1640"]
[BlackElo "1852"]
[PlyCount "130"]
[EventDate "2003.01.22"]
[EventType "tourn (corr)"]
[EventRounds "10"]
[SourceTitle "Corr 2008"]
[Source "ChessBase"]
[SourceDate "2008.06.24"]
[SourceVersion "1"]
[SourceVersionDate "2008.06.24"]
[SourceQuality "1"]

1. d4 d5 2. c4 c6 3. Nf3 dxc4 4. e3 b5 5. a4 e6 6. axb5 cxb5 7. b3 Bb4+ 8. Bd2 Bxd2+ 9. Nbxd2 a5 10. bxc4 b4 11. c5 Nf6 12. Bb5+ Bd7 13. Bxd7+ Nbxd7 14. 0-0 0-0 15. Qc2 Qc7 16. Nc4 Nd5 17. Rfe1 Rfd8 18. Ng5 N7f6 19. Ne5 Rf8 20. e4 Nc3 21. Nexf7 Rxf7 22. e5 Re7 23. exf6 gxf6 24. Ne4 Nd5 25. Qb3 Qc6 26. Qf3 Kh8 27. Nd6 a4 28. h3 Rb8 29. Kh2 Rd8 30. g3 Rf8 31. Ra2 Qa8 32. Rc1 f5 33. Rb2 Qc6 34. Re1 Qd7 35. g4 f4 36. g5 Rg7 37. h4 Rfg8 38. Rbe2 Rg6 39. Re5 Rf8 40. Qg4 Nf6 41. Qxf4 Qg7 42. Rxe6 Nd5 43. Rxg6 hxg6 44. Qe4 Nc3 45. Qd3 Rxf2+ 46. Kg3 Rf8 47. Ne8 Qf7 48. Nf6 a3 49. h5 Nd5 50. hxg6 Qc7+ 51. Re5 Nxf6 52. gxf6 Rxf6 53. Qe4 Kg8 54. Kg4 Rf8 55. c6 a2 56. Qd5+ Kg7 57. Qxa2 Rf6 58. Qd5 Rxc6 59. Re6 Rxe6 60. Qxe6 Kh6 61. Qf5 Qc4 62. Qh5+ Kg7 63. Qh7+ Kf6 64. g7 Qxd4+ 65. Kf3 Qd1+ 1/2-1/2

[Event "IECG CP.2002.P.00110 email"]
[Site "IECG email"]
[Date "2002.10.01"]
[Round "?"]
[White "Rios, Antonio"]
[Black "Rizzi, Davide"]
[Result "0-1"]
[WhiteElo "2146"]
[BlackElo "1841"]
[PlyCount "72"]
[EventDate "2002.10.01"]
[EventType "tourn (corr)"]
[EventRounds "6"]
[EventCountry "TUR"]
[SourceTitle "Corr 2008"]
[Source "ChessBase"]
[SourceDate "2008.06.24"]
[SourceVersion "1"]
[SourceVersionDate "2008.06.24"]
[SourceQuality "1"]

1. e4 c5 2. Nf3 d6 3. d4 cxd4 4. Nxd4 Nf6 5. Nc3 e6 6. Be3 a6 7. Be2 Be7 8. 0-0 0-0 9. f4 Qc7 10. a4 Nc6 11. Kh1 Re8 12. Bf3 Bf8 13. Qd2 Na5 14. Qf2 Nc4 15. Bc1 e5 16. Nde2 d5 17. fxe5 Nxe5 18. exd5 Nxf3 19. gxf3 Qa5 20. Rd1 Bf5 21. Bg5 Nd7 22. Ng3 Bg6 23. f4 f6 24. f5 Bf7 25. Bf4 Rac8 26. Qf3 Qb4 27. Rab1 Rc4 28. Nge2 Ne5 29. Bxe5 Rxe5 30. Rd3 Rh4 31. b3 Bh5 32. Qg2 Bd6 33. Ng3 Bg4 34. Qf2 Bc5 35. Qd2 Bxf5 36. Rf3 Bh3 0-1

[Event "IECG CP.2002.P.00110 email"]
[Site "IECG email"]
[Date "2002.10.01"]
[Round "?"]
[White "Rizzi, Davide"]
[Black "Oancea, Gheorghe"]
[Result "1-0"]
[WhiteElo "1841"]
[BlackElo "1853"]
[PlyCount "61"]
[EventDate "2002.10.01"]
[EventType "tourn (corr)"]
[EventRounds "6"]
[EventCountry "TUR"]
[SourceTitle "Corr 2008"]
[Source "ChessBase"]
[SourceDate "2008.06.24"]
[SourceVersion "1"]
[SourceVersionDate "2008.06.24"]
[SourceQuality "1"]

1. e4 c5 2. Nf3 d6 3. d4 cxd4 4. Nxd4 Nf6 5. Nc3 e5 6. Nf3 Be7 7. Bc4 0-0 8. 0-0 Be6 9. Qe2 Qc7 10. Bxe6 fxe6 11. Bg5 Nbd7 12. Rad1 Rac8 13. Be3 Qc4 14. Qxc4 Rxc4 15. Ng5 Rfc8 16. Nxe6 Nxe4 17. Nd5 Bh4 18. f3 Nec5 19. Nxc5 Nxc5 20. g3 Bd8 21. c3 Ra4 22. a3 Kf7 23. Kg2 Ne6 24. f4 e4 25. Rd2 Nc7 26. Rfd1 Nxd5 27. Rxd5 Bc7 28. h4 Re8 29. h5 a6 30. f5 Kf6 31. h6 1-0

[Event "SEMI A032 email"]
[Site "SEMI email"]
[Date "2002.05.20"]
[Round "?"]
[White "Hanison, Bernard"]
[Black "Rizzi, Davide"]
[Result "1-0"]
[WhiteElo "1855"]
[BlackElo "1800"]
[PlyCount "61"]
[EventDate "2002.05.20"]
[EventType "tourn (corr)"]
[EventRounds "6"]
[EventCountry "ITA"]
[SourceTitle "Telechess CBM 097"]
[Source "ChessBase"]
[SourceDate "2003.11.11"]
[SourceVersion "1"]
[SourceVersionDate "2003.11.11"]
[SourceQuality "1"]

1. d4 d5 2. c4 c6 3. Nf3 dxc4 4. e3 b5 5. a4 e6 6. axb5 cxb5 7. b3 Bb4+ 8. Bd2 Bxd2+ 9. Nbxd2 a5 10. bxc4 b4 11. Ne5 Nf6 12. Be2 0-0 13. Bf3 Ra6 14. 0-0 Qc7 15. c5 Nd5 16. Qb3 Bb7 17. Ne4 Nd7 18. Nc4 Bc6 19. Qd3 Raa8 20. Rfb1 Rfb8 21. Ng5 h6 22. Qh7+ Kf8 23. Qh8+ Ke7 24. Nxe6 Kxe6 25. Qxg7 Ke7 26. Nd6 Rf8 27. Qxh6 N5f6 28. e4 Rg8 29. d5 Ne5 30. Nf5+ Ke8 31. Ng7+ 1-0

[Event "IECC P email"]
[Site "IECC email"]
[Date "2002.03.14"]
[Round "?"]
[White "Dambacher, Andreas"]
[Black "Rizzi, Davide"]
[Result "1/2-1/2"]
[WhiteElo "1855"]
[BlackElo "1922"]
[PlyCount "51"]
[EventDate "2002.??.??"]
[EventType "tourn (corr)"]
[EventRounds "6"]
[SourceTitle "Corr 2008"]
[Source "ChessBase"]
[SourceDate "2008.06.24"]
[SourceVersion "1"]
[SourceVersionDate "2008.06.24"]
[SourceQuality "1"]

1. e4 c6 2. d4 d5 3. e5 Bf5 4. Nc3 e6 5. g4 Bg6 6. Nge2 c5 7. h4 h6 8. Be3 Qb6 9. f4 Nc6 10. f5 Bh7 11. Qd2 exf5 12. 0-0-0 Qa5 13. dxc5 fxg4 14. Rg1 h5 15. Bg2 0-0-0 16. Nd4 Bxc5 17. Nb3 Bxe3 18. Qxe3 Qb6 19. Qxb6 axb6 20. Nxd5 Nge7 21. Nxb6+ Kc7 22. Nc4 Nf5 23. Rgf1 Rxd1+ 24. Rxd1 Re8 25. Nc5 Re7 26. Be4 1/2-1/2

[Event "IECC Swiss email"]
[Site "IECC email"]
[Date "2002.03.14"]
[Round "?"]
[White "Rizzi, Davide"]
[Black "Bertel, Michael"]
[Result "1-0"]
[WhiteElo "1919"]
[BlackElo "1876"]
[PlyCount "125"]
[EventDate "2002.??.??"]
[EventType "tourn (corr)"]
[EventRounds "6"]
[SourceTitle "Corr 2008"]
[Source "ChessBase"]
[SourceDate "2008.06.24"]
[SourceVersion "1"]
[SourceVersionDate "2008.06.24"]
[SourceQuality "1"]

1. e4 d5 2. exd5 Nf6 3. Bb5+ Bd7 4. Be2 e6 5. dxe6 Bxe6 6. Nf3 c5 7. 0-0 Bd6 8. Ng5 Nc6 9. Nxe6 fxe6 10. Bc4 Qc7 11. h3 0-0 12. Bxe6+ Kh8 13. d3 Nd4 14. Bb3 b5 15. c3 Nxb3 16. Qxb3 c4 17. Qxb5 cxd3 18. Qxd3 Rad8 19. Qc2 Rfe8 20. Bg5 Qc5 21. Bxf6 gxf6 22. Rd1 Qe5 23. g3 Bc5 24. Kg2 Rxd1 25. Qxd1 Qe2 26. Qd2 Qe4+ 27. Kh2 Qf3 28. Qf4 Qxf4 29. gxf4 Re2 30. b4 Bxf2 31. Kg2 f5 32. Kf3 Rc2 33. a4 Bh4 34. a5 Rh2 35. b5 Rxh3+ 36. Ke2 Rh2+ 37. Kd3 Rh3+ 38. Kd4 Bf2+ 39. Ke5 Rh1 40. Kf6 h5 41. Kxf5 Rg1 42. Ra2 Rxb1 43. Rxf2 Rxb5+ 44. Kg6 Rxa5 45. f5 Ra4 46. Kf7 Kh7 47. f6 Rc4 48. Kf8 Rxc3 49. f7 Re3 50. Rf5 Kg6 51. Kg8 Kxf5 52. f8Q+ Kg4 53. Qg7+ Kf5 54. Qxa7 Re5 55. Kf7 Ke4 56. Qa2 Rc5 57. Ke6 Re5+ 58. Kd6 Rg5 59. Qe2+ Kf4 60. Ke6 Rg6+ 61. Kf7 Rg4 62. Kf6 Kg3 63. Qe5+ 1-0

[Event "SEMI W-ch4 LG sf-A (Hage mem) email"]
[Site "SEMI email"]
[Date "2002.02.01"]
[Round "?"]
[White "Rizzi, Davide"]
[Black "Perez, Giorgio"]
[Result "1-0"]
[WhiteElo "1920"]
[BlackElo "2280"]
[PlyCount "87"]
[EventDate "2002.02.01"]
[EventType "tourn (corr)"]
[EventRounds "8"]
[EventCountry "ITA"]
[SourceTitle "Corr 2008"]
[Source "ChessBase"]
[SourceDate "2008.06.24"]
[SourceVersion "1"]
[SourceVersionDate "2008.06.24"]
[SourceQuality "1"]

1. e4 e5 2. Nf3 f5 3. Nxe5 Qf6 4. Nc4 fxe4 5. Nc3 Qf7 6. Ne3 c6 7. Nxe4 d5 8. Ng5 Qf6 9. Nf3 d4 10. Nc4 b5 11. Qe2+ Kd8 12. Nce5 Bc5 13. a4 Ne7 14. axb5 Re8 15. d3 h6 16. Bd2 Bb7 17. Ng4 Qd6 18. Nfe5 Qe6 19. Ba5+ Kc8 20. c3 Nf5 21. f4 cxb5 22. Rc1 Qe7 23. Kd1 Bd5 24. b4 Bd6 25. cxd4+ Kb7 26. g3 Nxd4 27. Bg2 Qe6 28. Qa2 Bxg2 29. Qxg2+ Ka6 30. Qe4 Qb3+ 31. Kd2 Qb2+ 32. Ke3 Nc2+ 33. Rxc2 Qxc2 34. Qxa8 Qc6 35. Qxc6+ Nxc6 36. Ke4 Nxa5 37. bxa5 Kxa5 38. Rc1 a6 39. Ne3 Ba3 40. Rc6 Rb8 41. Rg6 Rb7 42. d4 Bc1 43. d5 Kb4 44. Nd3+ 1-0

[Event "IECG CP.2000.Q.00017"]
[Site "IECG email"]
[Date "2001.10.01"]
[Round "?"]
[White "Rizzi, Davide"]
[Black "Koch, Christian"]
[Result "0-1"]
[WhiteElo "1767"]
[BlackElo "2188"]
[PlyCount "80"]
[EventDate "2001.10.01"]
[EventType "tourn (corr)"]
[EventRounds "6"]
[SourceTitle "Corr 2008"]
[Source "ChessBase"]
[SourceDate "2008.06.24"]
[SourceVersion "1"]
[SourceVersionDate "2008.06.24"]
[SourceQuality "1"]

1. e4 c5 2. Nf3 d6 3. d4 cxd4 4. Nxd4 Nf6 5. Nc3 g6 6. Be3 Bg7 7. f3 0-0 8. Qd2 Nc6 9. Bc4 Bd7 10. 0-0-0 Qa5 11. h4 Rfc8 12. Bb3 h5 13. Bg5 Nxd4 14. Qxd4 Be6 15. Bxe6 fxe6 16. e5 dxe5 17. Qd3 e4 18. Qb5 Qxb5 19. Nxb5 exf3 20. gxf3 Kf7 21. Rhe1 Rd8 22. Rxd8 Rxd8 23. Nxa7 Ra8 24. Be3 Ne8 25. Bf2 Nd6 26. a3 Bf6 27. c3 Bxh4 28. Bxh4 Rxa7 29. Bg5 Ra5 30. f4 Rf5 31. b3 e5 32. fxe5 Rxg5 33. exd6 exd6 34. Rf1+ Ke6 35. Rh1 Kf5 36. Rf1+ Ke4 37. Rd1 Rg2 38. Rd4+ Ke3 39. Rh4 Rg4 40. Rh3+ Kf2 0-1

[Event "SEMI W-ch4 LG prel-F (Hage mem) email"]
[Site "SEMI email"]
[Date "2001.04.01"]
[Round "?"]
[White "Rizzi, Davide"]
[Black "Benatar, Eric"]
[Result "1/2-1/2"]
[WhiteElo "1920"]
[BlackElo "2340"]
[PlyCount "101"]
[EventDate "2001.04.01"]
[EventType "tourn (corr)"]
[EventRounds "6"]
[EventCountry "ITA"]
[SourceTitle "Corr 2008"]
[Source "ChessBase"]
[SourceDate "2008.06.24"]
[SourceVersion "1"]
[SourceVersionDate "2008.06.24"]
[SourceQuality "1"]

1. e4 e5 2. Nf3 f5 3. Nxe5 Qf6 4. Nc4 fxe4 5. Nc3 Qf7 6. Ne3 c6 7. Nxe4 d5 8. Ng5 Qf6 9. Nf3 Bd6 10. d4 Ne7 11. Bd3 Ng6 12. c4 Nf4 13. 0-0 0-0 14. cxd5 cxd5 15. Qb3 Be6 16. Qxb7 Nxd3 17. Qxa8 Qf7 18. Bd2 Qh5 19. Ne5 Nxe5 20. dxe5 Qxe5 21. g3 Qxb2 22. Rfd1 Bc5 23. Rab1 Qf6 24. f4 d4 25. Ng2 Bb6 26. Qe4 Bxa2 27. Rb5 Qf7 28. Rc1 Nd7 29. Ba5 Bc4 30. Bxb6 Bxb5 31. Bxd4 Re8 32. Qb7 a6 33. Ne3 Rb8 34. Qd5 Qxd5 35. Nxd5 Re8 36. Nc7 Re4 37. Rd1 Nf8 38. Bb6 Bc4 39. Rd8 Kf7 40. Ba5 Re7 41. Rd4 Be2 42. Rd5 h6 43. Rf5+ Kg8 44. Rc5 Nd7 45. Rc6 Bf3 46. Re6 Rxe6 47. Nxe6 Bd5 48. Nc7 Bb7 49. Kf2 Kf7 50. Ke3 Nf6 51. Kd4 1/2-1/2

[Event "SEMI 8-Eclipse 11 email"]
[Site "SEMI email"]
[Date "2001.02.16"]
[Round "?"]
[White "Vicioso Sanchez, Manuel"]
[Black "Rizzi, Davide"]
[Result "1/2-1/2"]
[WhiteElo "2069"]
[BlackElo "1741"]
[PlyCount "138"]
[EventDate "2001.??.??"]
[EventType "team-match (corr)"]
[EventRounds "2"]
[EventCountry "ITA"]
[SourceTitle "Corr 2004"]
[Source "ChessBase"]
[SourceDate "2003.04.28"]
[SourceVersion "3"]
[SourceVersionDate "2003.04.28"]
[SourceQuality "1"]
[WhiteTeam "Eclipse-11"]
[BlackTeam "SEMI-8"]
[BlackTeamCountry "ITA"]

1. e4 c6 2. d4 d5 3. Nd2 dxe4 4. Nxe4 Bf5 5. Ng3 Bg6 6. c3 e6 7. Nf3 Nd7 8. Bc4 Ngf6 9. 0-0 Bd6 10. Re1 0-0 11. Bg5 h6 12. Bxf6 Nxf6 13. Ne5 Bh7 14. Nh5 Nd5 15. Qg4 Qg5 16. Qxg5 hxg5 17. Ng3 f6 18. Nf3 g4 19. Nd2 Rfe8 20. Be2 f5 21. Nc4 Bc7 22. Bd1 Nf4 23. Bc2 Kf7 24. Rad1 Kf6 25. Ne2 Ng6 26. a3 e5 27. Ng3 e4 28. Nh5+ Kg5 29. Nxg7 Re7 30. Nxf5 Kxf5 31. d5 cxd5 32. Ne3+ Kg5 33. Nxd5 Rf7 34. Nxc7 Rxc7 35. Rd5+ Kh6 36. Rxe4 Re7 37. Rxe7 Nxe7 38. Rd6+ Bg6 39. f3 gxf3 40. Be4 f2+ 41. Kxf2 Rf8+ 42. Bf3 Nc6 43. Kg3 Rd8 44. Rxd8 Nxd8 45. Kf4 Ne6+ 46. Ke5 Nc5 47. b4 Nd3+ 48. Kd6 Nb2 49. Bxb7 Nc4+ 50. Kc7 Nxa3 51. Ba6 Kg5 52. Kb7 Be4+ 53. Kxa7 Bxg2 54. b5 Nb1 55. c4 Kf4 56. b6 Nd2 57. Kb8 Nb3 58. Bb7 Bf1 59. Bd5 Nc5 60. Kc7 Ke5 61. Kc6 Kd4 62. h4 Be2 63. Bf7 Bf3+ 64. Kb5 Nd7 65. Be6 Nb8 66. Bg8 Nd7 67. Be6 Nb8 68. Ka5 Kc5 69. Bd5 Bxd5 1/2-1/2